Т. 61, вып. 4; Физика твердого тела

Bibliografiske detaljer
Parent link:Физика твердого тела/ Российская академия наук ; Физико-технический институт им. А. Ф. Иоффе. Т. 61, вып. 4.— , 1959-
Sprog:russisk
Udgivet: 2019
Online adgang:https://journals.ioffe.ru/issues/1897
Format: Electronisk Bog
KOHA link:https://koha.lib.tpu.ru/cgi-bin/koha/opac-detail.pl?biblionumber=582818

MARC

LEADER 00000nam2a2200000 4500
001 582818
005 20231101130933.0
035 |a (RuTPU)RU\TPU\prd\283622 
035 |a RU\TPU\prd\283621 
090 |a 582818 
100 |a 20190405a19599999k y0rusy50 ca 
101 0 |a rus 
102 |a RU 
181 0 |a i  
182 0 |a b 
200 0 |a Т. 61, вып. 4  |b Электронный ресурс 
203 |a Текст  |c электронный 
210 |d 2019 
461 1 |0 (RuTPU)RU\TPU\prd\409  |t Физика твердого тела  |f Российская академия наук ; Физико-технический институт им. А. Ф. Иоффе  |v Т. 61, вып. 4  |d 1959- 
801 0 |a RU  |b 63413507  |c 20010227  |g PSBO 
801 1 |a RU  |b 63413507  |c 20160331 
801 2 |a RU  |b 63413507  |c 20230124  |g RCR 
856 4 0 |u https://journals.ioffe.ru/issues/1897 
942 |c BK